书目信息 |
| 题名: |
西方出版产业管理
|
|
| 作者: | 苏世军 , 张养志 主编 ;李晶晶 编著 | |
| 分册: | ||
| 出版信息: | 北京 中国人民大学出版社 2012.12 |
|
| 页数: | 211页 | |
| 开本: | 25cm | |
| 丛书名: | ||
| 单 册: | ||
| 中图分类: | G231 | |
| 科图分类: | ||
| 主题词: | 出版工作--管理--西方国家--教材--英文 , 出版工作 | |
| 电子资源: | ||
| ISBN: | 978-7-300-16777-0 | |
| 000 | 01267nam0 2200313 450 | |
| 001 | 005807185 | |
| 005 | 20130609083619.48 | |
| 010 | @a978-7-300-16777-0@dCNY28.00 | |
| 035 | @a(A330000ZJL)012011159641 | |
| 100 | @a20130402d2012 em y0chiy50 ea | |
| 101 | 0 | @achi@aeng |
| 102 | @aCN@b110000 | |
| 105 | @aa z 000yy | |
| 106 | @ar | |
| 200 | 1 | @a西方出版产业管理@9xi fang chu ban chan ye guan li@dManagement in west publishing industry@f苏世军,张养志主编@g李晶晶编著@zeng |
| 210 | @a北京@c中国人民大学出版社@d2012.12 | |
| 215 | @a211页@c图@d25cm | |
| 300 | @a西方编辑出版理论与实务(英文版)系列教材 | |
| 330 | @a本书介绍了西方出版产业管理的基本学说和原理、出版公司组织结构、管理岗位职责、公司上下级之间和平行级别之间的关系、技术革新与出版管理模式的转变、数字化出版与传统出版相融合的管理机制等,勾勒出当代西方出版产业管理的全貌。 | |
| 333 | @a适合编辑出版或相关传媒类专业本科和研究生专业课程或专业英语课程使用 | |
| 510 | 1 | @aManagement in west publishing industry@zeng |
| 606 | 0 | @a出版工作@x管理@x西方国家@j教材@x英文 |
| 606 | 0 | @a出版工作 |
| 690 | @aG231@v5 | |
| 701 | 0 | @a苏世军@9su shi jun@4主编 |
| 701 | 0 | @a张养志@9zhang yang zhi@4主编 |
| 702 | 0 | @a李晶晶@9li jing jing@4编著 |
| 801 | 0 | @aCN@b人天书店@c20130402 |
| 905 | @dG231@e59 | |
| 西方出版产业管理=Management in west publishing industry/苏世军,张养志主编/李晶晶编著.-北京:中国人民大学出版社,2012.12 |
| 211页:图;25cm |
| 西方编辑出版理论与实务(英文版)系列教材.-使用对象:适合编辑出版或相关传媒类专业本科和研究生专业课程或专业英语课程使用 |
| ISBN 978-7-300-16777-0:CNY28.00 |
| 本书介绍了西方出版产业管理的基本学说和原理、出版公司组织结构、管理岗位职责、公司上下级之间和平行级别之间的关系、技术革新与出版管理模式的转变、数字化出版与传统出版相融合的管理机制等,勾勒出当代西方出版产业管理的全貌。 |
| ● |
| 相关链接 |
|
|
|
|
正题名:西方出版产业管理
索取号:G231/59
 
预约/预借
| 序号 | 登录号 | 条形码 | 馆藏地/架位号 | 状态 | 备注 |
| 1 | 0545457 | 205454578 | 第一样本阅览室/ [索取号:G231/59] | 在馆 | |
| 2 | 0545458 | 205454587 | 第四借阅区/ [索取号:G231/59] | 在馆 | |
| 3 | 0545459 | 205454596 | 第四借阅区/ [索取号:G231/59] | 在馆 | |
| 4 | 0545460 | 205454603 | 第四借阅区/ [索取号:G231/59] | 在馆 | |
| 5 | 0545461 | 205454612 | 第四借阅区/ [索取号:G231/59] | 在馆 |